Movies Quiz

Random Movies or Superhero Quiz
Score 0/40 Timer 12:00
0 Plays Today
% Correct
Back to the Future
93.6%
The Avengers
91.1%
Jurassic World
83.6%
Star Trek
80.8%
Superman
80.1%
Star Wars: The Force Awakens
71.7%
The Dark Knight
70.3%
Spaceballs
69.9%
I, Robot
64.6%
Interstellar
60.3%
2001: A Space Odyssey
59.4%
Waterworld
53.9%
Close Encounters of the Third Kind
53.9%
Logan
50.7%
Rise of the Planet of the Apes
50%
The Day After Tomorrow
49.8%
Prometheus
49.1%
Godzilla
48.6%
The Matrix
42.9%
Predator
40.4%
% Correct
Men in Black
39%
The Terminator
37.2%
Brazil
34.9%
Source Code
33.8%
Mars Attacks!
33.8%
Super 8
32.9%
Children of Men
30.6%
Snowpiercer
25.1%
Metropolis
23.5%
Watchmen
19.6%
Maze Runner
17.4%
The Island
15.5%
Looper
15.1%
Minority Report
13.5%
Jupiter Ascending
12.6%
Knowing
10.7%
Pacific Rim
9.6%
Dune
9.6%
Lucy
9.4%
In Time
7.5%

You're not logged in!

Compare scores with friends on all Sporcle quizzes.
OR
Log In

Sporcle TV

Today on Sporcle TV


Watch our educational content, quiz creation guides, and fun videos on Sporcle TV.

Show Comments

Extras

Top Quizzes Today


Score Distribution

Paid Content

Your Account Isn't Verified!

In order to create a playlist on Sporcle, you need to verify the email address you used during registration. Go to your Sporcle Settings to finish the process.

Report this User

Report this user for behavior that violates our Community Guidelines.

Details: